Un pacto con el diablo / (Registro nro. 60735)

Detalles MARC
000 -CABECERA
Longitud fija campo de control 01926nam a2200421 c 4500
003 - • IDENTIFICADOR DELl NÚMERO DE CONTROL
Identificador del número de control CO-BoRNBP
005 - • FECHA Y HORA DE LA ÚLTIMA TRANSACCIÓN
Fecha y hora de la última transacción 20260317191712.0
007 - • CAMPO FIJO DE DESCRIPCIÓN FÍSICA
Campo fijo de descripción física ta
008 - • CÓDIGOS DE INFORMACIÓN DE LONGITUD FIJA
Códigos de información de longitud fija 210824s19992018mx a jr 000 fdspa d
020 ## - • NÚMERO INTERNACIONAL NORMALIZADO PARA LIBROS
Número Internacional Normalizado para Libros (ISBN) 9789681660369
040 ## - FUENTE DE LA CATALOGACIÓN
Centro catalogador de origen CO-BoRNBP
Lengua de catalogación spa
Normas de descripción rda
Centro transcriptor CO-BoRNBP
041 1# - • CÓDIGO DE LENGUA
Código de lengua del texto/banda sonora o título independiente spa
Código de lengua original fre
043 ## - CÓDIGO DE ÁREA GEOGRÁFICA
Código de área geográfica e-fr---
084 ## - • Clasificación Local Alfanúmerica PNLB
Número de clasificación N
100 1# - • PUNTO DE ACCESO PRINCIPAL-NOMBRE DE PERSONA
Nombre de persona Lenain, Thierry
Fechas asociadas al nombre 1959-
Término indicativo de función aut
245 13 - • TITULO PROPIAMENTE DICHO
Título Un pacto con el diablo /
Mención de responsabilidad, etc. Thierry Lenain ; ilustraciones de Diego Molina ; traducción de Rafael Segovia Albán ; editor Daniel Goldin.
250 ## - • MENCIÓN DE EDICIÓN
Mención de edición Primera edición
Resto de la mención de edición Decimotercera reimpresión
264 #1 - PRODUCCIÓN, PUBLICACIÓN , DISTRIBUCIÓN, FABRICACIÓN Y COPYRIGHT
Lugar de producción, publicación, distribución, fabricación México :
Nombre del productor, editor, distribuidor, fabricante Fondo de Cultura Económica,
Fecha de de producción, publicación, distribución, fabricación o copyright 2018
300 ## - • DESCRIPCIÓN FÍSICA
Extensión 67 páginas :
Otras características físicas ilustraciones en blanco y negro
336 ## - TIPO DE CONTENIDO
Término de tipo de contenido texto
Código de tipo de contenido txt
Fuente rdacontent
337 ## - TIPO DE MEDIO
Nombre del tipo de medio sin mediación
Código del tipo de medio n
Fuente rdamedia
338 ## - TIPO DE SOPORTE
Nombre del tipo de soporte volumen
Código del tipo de soporte nc
Fuente rdacarrier
490 0# - • MENCIÓN DE SERIE
Mención de serie A la orilla del viento
Designación de volumen o secuencia 122
500 ## - • NOTA GENERAL
Nota general Incluye índice
520 ## - • NOTA DE RESUMEN
Resumen, etc, Roxana ha vuelto a pelear con el esposo de su madre, así que decide irse a vivir con su padre, huye de casa, pero no encuentra a su padre. En el café conoce a David, un muchacho mayor que le ofrece alojamiento. Él la llama hermanita y la protege. Pero al pasar los días Roxana descubre dolorosamente que su nuevo amigo está atrapado en el infierno de las drogas. ¿Cómo puede ayudarlo?
521 ## - • NOTA DE PÚBLICO DESTINATARIO
Nota público destinatario (R ) Recomendado para un público mayor de 12 años
534 ## - • Nota De Versión Original
Edition statement of original Un pacte avec le diable
545 ## - DATOS BIOGRÁFICOS O HISTÓRICOS
Datos bigr´ficos o históricos Incluye datos biográficos del autor
546 ## - • NOTA DEL IDIOMA
Nota de lengua Incluye datos biográficos de los autores en la contracarátula
650 17 - • PUNTO DE ACCESO ADICIONAL DE MATERIA - TÉRMINO DE MATERIA
Término de materia o nombre geográfico como elemento inicial Drogadiccion
Subdivisión de forma Novela
Fuente del encabezamiento o término lemb
650 17 - • PUNTO DE ACCESO ADICIONAL DE MATERIA - TÉRMINO DE MATERIA
Término de materia o nombre geográfico como elemento inicial Literatura juvenil Francesa
Subdivisión cronológica Siglo XX
Fuente del encabezamiento o término rnbp
650 07 - • PUNTO DE ACCESO ADICIONAL DE MATERIA - TÉRMINO DE MATERIA
Término de materia o nombre geográfico como elemento inicial Novela juvenil francesa
Subdivisión cronológica Siglo XX
Fuente del encabezamiento o término rnbp
700 1# - • PUNTO DE ACCESO ADICIONAL - NOMBRE DE PERSONA
Nombre de persona Goldin Halfon, Daniel,
Fechas asociadas al nombre 1958-
Término indicativo de función edt
700 10 - • PUNTO DE ACCESO ADICIONAL - NOMBRE DE PERSONA
Nombre de persona Molina, Diego
Término indicativo de función ill
700 10 - • PUNTO DE ACCESO ADICIONAL - NOMBRE DE PERSONA
Nombre de persona Segovia Albán, Rafael
Término indicativo de función trl
942 ## - ENTRADA DE ELEMENTOS AGREGADOS (KOHA)
Fuente de clasificaión o esquema
Koha [por defecto] tipo de item Libro Literatura
Existencias
Perdido Fuente de clasificación o esquema Estado Físico No para préstamo Localización permanente Localización actual Fecha adquisición Préstamos totales Signatura completa Código de barras Fecha última consulta Número de copia Fecha del precio de reemplazo Tipo de item de Koha
  Dewey Decimal Classification     Biblioteca Pública Medellin del Ariari - El Castillo Biblioteca Pública Medellin del Ariari - El Castillo 03/17/2026   N MDA100132 03/17/2026 Ej.1 03/17/2026 Libro Literatura









Instituto Departamental de Cultura del Meta - Red Departamental de Bibliotecas Públicas del Meta.